[Event "Tarragona Province-ch"]
[Site "Hospitalet de l'Infant"]
[Date "2013.11.24"]
[Round "8"]
[White "Miquel Brull, Jaume"]
[Black "Girona Masdeu, Joan"]
[Result "0-1"]
[WhiteElo "1602"]
[BlackElo "1817"]
[PlyCount "43"]
[EventDate "2013.10.06"]
[EventType "swiss"]
[EventRounds "9"]
[EventCountry "ESP"]
[SourceTitle "EXT 2017"]
[Source "ChessBase"]
[SourceDate "2016.10.25"]
[SourceVersion "1"]
[SourceVersionDate "2016.10.25"]
[SourceQuality "1"]

1. Nf3 d5 2. d4 Nf6 3. c4 c6 4. Nc3 a6 5. cxd5 cxd5 6. Bf4 Nc6 7. e3 Bf5 8. Be2 Qb6 9. Qc1 e6 10. a3 Be7 11. 0-0 0-0 12. h3 h6 13. Rd1 Rac8 14. Bd3 Bxd3 15. Rxd3 Na5 16. Rb1 Ne4 17. Qd1 Nc4 18. Nxe4 dxe4 19. Rb3 Qc6 20. Ne5 Nxe5 21. Bxe5 Qd5 22. Rc1 0-1

[Event "Tarragona Province-chB"]
[Site "Tarragona"]
[Date "2008.05.31"]
[Round "7"]
[White "Carabano Crivelle, Joan Ramon"]
[Black "Miquel Brull, Jaume"]
[Result "1-0"]
[WhiteElo "1879"]
[BlackElo "1862"]
[PlyCount "77"]
[EventDate "2008.04.19"]
[EventType "swiss"]
[EventRounds "8"]
[EventCountry "ESP"]
[SourceTitle "EXT 2019"]
[Source "ChessBase"]
[SourceDate "2018.10.10"]
[SourceVersion "1"]
[SourceVersionDate "2018.10.10"]
[SourceQuality "1"]

1. d4 Nf6 2. Nf3 e6 3. Bf4 d5 4. e3 c5 5. c3 Nc6 6. Bd3 Qb6 7. Qc1 Be7 8. Nbd2 0-0 9. h3 Qd8 10. Ne5 Bd6 11. Ndf3 Qc7 12. 0-0 Bxe5 13. Nxe5 Nxe5 14. Bxe5 Qe7 15. dxc5 Qxc5 16. Bxf6 gxf6 17. Qd1 f5 18. Qh5 Qe7 19. f4 Kh8 20. Kf2 Rg8 21. Rg1 Bd7 22. g4 Qf6 23. g5 Qg6 24. Qe2 a6 25. h4 Bc6 26. Rg3 h5 27. Rag1 Kg7 28. Qd1 Rh8 29. Be2 b5 30. Qd4+ Kh7 31. Qc5 Rhc8 32. Bxh5 Qxh5 33. g6+ fxg6 34. Qe7+ Kh6 35. Rg5 Qxh4+ 36. Kf1 Qh3+ 37. Ke2 Qh2+ 38. R1g2 Qh5+ 39. Rxh5+ 1-0